000 00381nam a22001457a 4500
003 OSt
008 250212b |||||||| |||| 00| 0 eng d
020 _a9789348140982
100 _aMISHRA, Akhilesh Kumar
245 _aCotemporary Issue In Management
260 _aNew Delhi,
_bNaples Publication:
_c2024.
300 _a148p.
650 _aFaculty Publication
942 _2ddc
_cBK
999 _c13093
_d13093